Rubber: Chelavu kurakkam, aadayam koottaam (Record no. 51332)

MARC details
000 -LEADER
fixed length control field 00315nam a2200121Ia 4500
100 ## - MAIN ENTRY--AUTHOR NAME
Personal name
245 #0 - TITLE STATEMENT
Title Rubber: Chelavu kurakkam, aadayam koottaam
260 ## - PUBLICATION, DISTRIBUTION, ETC. (IMPRINT)
Name of publisher Karshakasree
Year of publication 2018
300 ## - PHYSICAL DESCRIPTION
Number of Pages 30-32
650 ## - SUBJECT ADDED ENTRY--TOPICAL TERM
Topical Term Rubber price
942 ## - ADDED ENTRY ELEMENTS (KOHA)
Koha item type Bibliography STAF
100 ## - MAIN ENTRY--AUTHOR NAME
-- atheeshchandran Nair M.G
Holdings
Withdrawn status Lost status Damaged status Not for loan Home library Current library Shelving location Date acquired Serial Enumeration / chronology Koha item type
      Bibliography RRII Library RRII Library Rubber general 09/04/2014 Volume, Issue April Bibliography STAF